书目信息 |
| 题名: |
寓陇诗人的悲喜记忆
|
|
| 作者: | 冉耀斌 著 | |
| 分册: | ||
| 出版信息: | 兰州 甘肃教育出版社 2015 |
|
| 页数: | 189页 | |
| 开本: | 24cm | |
| 丛书名: | 华夏文明之源·历史文化丛书 | |
| 单 册: | ||
| 中图分类: | K825.6=42 , K825.6=48 | |
| 科图分类: | ||
| 主题词: | 诗人--shi ren--人物研究--中国--唐代 , 诗人--shi ren--人物研究--中国--明清时代 | |
| 电子资源: | ||
| ISBN: | 978-7-5423-3442-8 | |
| 000 | 01026nam0 22002771 450 | |
| 001 | 0120082124 | |
| 005 | 20170320082124.0 | |
| 010 | @a978-7-5423-3442-8@dCNY32.00 | |
| 100 | @a20160420d2015 em y0chiy50 ea | |
| 101 | 0 | @achi |
| 102 | @aCN@b620000 | |
| 105 | @aa z 000yd | |
| 106 | @ar | |
| 200 | 1 | @a寓陇诗人的悲喜记忆@9yu long shi ren de bei xi ji yi@f冉耀斌著 |
| 210 | @a兰州@c甘肃教育出版社@d2015 | |
| 215 | @a189页@c图@d24cm | |
| 225 | 2 | @a华夏文明之源·历史文化丛书@9hua xia wen ming zhi yuan li shi wen hua cong shu@i河陇人物 |
| 330 | @a本书内容包括:走马西来欲到天——唐代诗人岑参在陇右、陇树晴云万里秋——明代大才子解缙在河州、万里曾为秦塞客——清初诗人宋琬在陇右等。 | |
| 461 | 0 | @12001 @a华夏文明之源·历史文化丛书@i河陇人物 |
| 606 | 0 | @a诗人@9shi ren@x人物研究@y中国@z唐代 |
| 606 | 0 | @a诗人@9shi ren@x人物研究@y中国@z明清时代 |
| 690 | @aK825.6=42@v5 | |
| 690 | @aK825.6=48@v5 | |
| 701 | 0 | @a冉耀斌@9ran yao bin@4著 |
| 801 | 0 | @aCN@bTANGWEI@c20170308 |
| 905 | @b0956228-31@dK825.6=42@e841@f4 | |
| 寓陇诗人的悲喜记忆/冉耀斌著.-兰州:甘肃教育出版社,2015 |
| 189页:图;24cm.-(华夏文明之源·历史文化丛书.河陇人物) |
| ISBN 978-7-5423-3442-8:CNY32.00 |
| 本书内容包括:走马西来欲到天——唐代诗人岑参在陇右、陇树晴云万里秋——明代大才子解缙在河州、万里曾为秦塞客——清初诗人宋琬在陇右等。 |
| ● |
| 相关链接 |
|
|
|
|
正题名:寓陇诗人的悲喜记忆
索取号:K825.6=42/841
 
预约/预借
| 序号 | 登录号 | 条形码 | 馆藏地/架位号 | 状态 | 备注 |
| 1 | 0956228 | 209562285 | 第二样本阅览室/ [索取号:K825.6=42/841] | 在馆 | |
| 2 | 0956229 | 209562294 | 第二借阅区/ [索取号:K825.6=42/841] | 在馆 | |
| 3 | 0956230 | 209562301 | 第二借阅区/ [索取号:K825.6=42/841] | 在馆 | |
| 4 | 0956231 | 209562310 | 第二借阅区/ [索取号:K825.6=42/841] | 在馆 |